=LDR 00000nam 2200000 4500 =001 INLIS000000000009073 =005 20200928123438 =035 ##$$a 0010-061300000009073 =008 200928################g##########0#ind## =041 ##$$a Ind =082 ##$$a 305.52 =090 ##$$a 305.52, Kep-k =245 1#$$a Kepemimpinan jawa, : $b perintah halus, pemerintah otoriter /$c Hans Antlov ; Sven Cederroth ; Penerjemaj, P. Soemitro =260 ##$$a Jakarta :$b yay. obor,$c 2001 =300 ##$$a xxiii, 294 hlm, ; $c 14 x 21 cm =650 #4$$a Aristokrasi =700 #$$a Sven Cederroth =850 ##$$a NBPNMAT =020 ##$$a 979-461-379-7 =084 ##$$a 305.52 ANT k =100 #$$a Antlov, Hans =250 ##$$a ed.1 =520 ##$$a Judul asli : Leadership on java : gentle hints, authoritarian rule =520 ##$$a Indeks : hlm, 288-294 =990 ##$$a DW00027123 =990 ##$$a 170.314/pro-2002 =990 ##$$a DW00027125